| 000 | 00386nam a2200145Ia 4500 | ||
|---|---|---|---|
| 008 | 200103s9999||||xx |||||||||||||| ||und|| | ||
| 020 | _a0333390075, | ||
| 040 | _aIMU-MPC | ||
| 082 | _aColumn-22 | ||
| 100 | _aDevlin, Keith | ||
| 245 | 0 | _aMoicro-Maths: Mathematical problems and theorems to consider and solve | |
| 260 |
_bMacmillan, London _c1984 |
||
| 300 | _axiii, 103 | ||
| 942 | _cBK | ||
| 999 |
_c6788 _d6788 |
||